Gminy powiatu Ropczycko-Sędziszowskiego - Statystyki

Ogólne statystyki
  • Ten quiz został rozwiązany 59 razy
  • Średni wynik to 3 z 5
Statystyki odpowiedzi
Hint Odpowiedź % Poprawnych
Gmina Ropczyce
100%
Gmina Sędziszów Małopolski
87%
Gmina Iwierzyce
58%
Gmina Wielopole Skrzyńskie
53%
Gmina Ostrów
47%
Nie znaleziono quizów pasujących do podanych kryteriów
Rozkład punktacji
Procent ludzi z każdym wynikiem
Percentyl według liczby udzielonych odpowiedzi
Twoja historia wyników
Nie rozwiązałeś tego quizu